000 00629cab a2200193 4500
001 ABS41907
008 090401t1989 xxu||||| |||| 00| 0 eng d
035 _a(Sirsi) u33403
041 _aeng
245 _aRate reforms spell a relocation rush
260 _c1989
350 _a0
490 _aProperty Director
_v(15) Winter 1989 9
520 _aFuller Peiser consider that the impact of rating revaluation and introduction of the national non-domestic rate will lead to many more firms considering relocation .
650 _aUNIFORM BUSINESS RATES
690 _aRATING AND VALUATION
942 _n0
948 _c04/03/1997
999 _c22318
_d22318